Score 0/13 Timer 01:30
1 Play Today
% Correct
Achilles
87.7%
Helen
80.1%
Hector
77.6%
Agamemnon
76.1%
Great Ajax
75.7%
Patroclus
74.4%
Cassandra
68.5%
Antilochus
64.9%
Hecuba
60.6%
Little Ajax
58.5%
Idomeneus
57%
Briseis
55.6%
Astyanax
48.7%

Today's Daily Dose

Missing Word
1946 Movies A-Z

Get the Picture
'60s Girl Groups

Remove Ads.
Support Sporcle.
Get the best of Sporcle when you Go Orange. This ad-free experience offers more features, more stats, and more fun while also helping to support Sporcle. Thank you for becoming a member.

You're not logged in!

Compare scores with friends on all Sporcle quizzes.
OR
Log In

Show Comments

Extras

Top Quizzes Today


Score Distribution

Your Account Isn't Verified!

In order to create a playlist on Sporcle, you need to verify the email address you used during registration. Go to your Sporcle Settings to finish the process.

Report this User

Report this user for behavior that violates our Community Guidelines.

Details: